| 000 | 00902 a2200181 4500 | ||
|---|---|---|---|
| 003 | Nust | ||
| 005 | 20221220114916.0 | ||
| 040 | _cNust | ||
| 082 | _a621.384,MAN | ||
| 100 |
_aInternational Telecommunication Union _9105193 |
||
| 245 |
_aManual : _bfor use by the mobile services / |
||
| 260 |
_aInternational Telecommunication Union _bGeneva _c1961 |
||
| 300 |
_a226 p _billus _c24 cm |
||
| 505 | _aExtracts From the Radio Regulations, Geneva, 1959 (Page-1), Extracts From the Additional Radio Regulations, Geneva, 1959 (Page-179), Passages Taken from the International Telecommunication Convention and Lists of Numbers of Certain Provisions from the Telegraph and Telephone Regulations Likely to be Useful to Operators in the Mobile services (Page-203). | ||
| 600 |
_aInternational Telecommunication Union _9105193 |
||
| 650 |
_aManual ;for use by the mobile services _9105331 |
||
| 942 |
_2ddc _cBK |
||
| 999 |
_c183059 _d183059 |
||